| 000 | 00547nam a22001932 4500 | ||
|---|---|---|---|
| 001 | 0000007311 | ||
| 005 | 20151217155215.0 | ||
| 008 | 080107s xx 000 0 eng d | ||
| 020 |
_a9966469524 : _cKES 415 |
||
| 040 |
_aKABU _cKABU |
||
| 100 | 1 |
_aHussain, Ashiq. _@0000149947 |
|
| 245 | 1 | 0 |
_aAid to passing K A T C final level / _cAshiq Hussain. |
| 260 |
_aNairobi : _bE. A. E. P., _c1989. |
||
| 300 | _a320 p. | ||
| 650 | 0 |
_aAccounting. _@0000148321 |
|
| 908 | _a080107 | ||
| 950 | _@1 | ||
| 999 |
_c11990 _d11990 |
||